00697nam a2200241 a 4500001001300000003000900013005001700022008004100039020001200080082001300092100001900105245005500124250001400179260003200193300000900225500003500234505001700269650002500286902000800311942000700319952011200326999001700438nice12345678IN_TiNIC20260116013510.0050524s1965 newa grp 000 0 eng  ac46.5500a291bNET aMetraux, Guy S aReligions and the Promise of the Twentieth Century a60th ed.  aNew YorkbMentor Bookc1965 a277p aincludes index and biblioraphy2 aBibliography aComparative Religion bSRS cBK 001040708StackRoom-aHMIbHMId2007-07-20g46.55l0o291 NETp016093r2007-07-20v46.55w2005-05-24yBK c11220d11220